S Dr. Ulrichom Johannesom Osterhuesom iniciátorom akcie Black Hand - Čierna ruka

Dr. Osterhues je osobnosťou v oblasti drogových závislostí nielen v Nemecku, ale aj v Európe, či vo svete. Pracuje pre postihnutých ľudí a v súčasnosti je tvorcom projektu Black Hand. Príspevok prináša rozhovor s Dr. Osterhuesom, v ktorom podáva bližšie informácie o projekte, čo od neho očakáva, o s...

Full description

Bibliographic Details
Main Author: Osterhues, Ulrich Johannes (Author)
Other Authors: Dubovský, Ivan, 1932- (440)
Format: Article
Language:Slovak
Subjects:

MARC

LEADER 00000nab a2200000 a 4500
001 vtls001506750
003 SK-MaSNL
005 20260305012246.0
008 050227s1999 xo 000 0 slo
035 |a SPKCL9077 
040 |a SPKCL  |b slo  |c SNKBUCL  |d ÚIP-SPK(EK)  |e AACR2 
041 |a slo 
044 |a xo  |c SK 
080 |a 613.83:178.8  |2 1981 
100 1 |a Osterhues, Ulrich Johannes  |4 aut  |9 1589096 
245 1 0 |a S Dr. Ulrichom Johannesom Osterhuesom iniciátorom akcie Black Hand - Čierna ruka  |c Ulrich Johannes Osterhues; Ivan Dubovský 
520 |a Dr. Osterhues je osobnosťou v oblasti drogových závislostí nielen v Nemecku, ale aj v Európe, či vo svete. Pracuje pre postihnutých ľudí a v súčasnosti je tvorcom projektu Black Hand. Príspevok prináša rozhovor s Dr. Osterhuesom, v ktorom podáva bližšie informácie o projekte, čo od neho očakáva, o samotnej práci, ktorú vykonáva pre závislých, jej chybách i o kritikoch jeho pôsobenia. 
651 7 |a Nemecko  |2 snkbucl  |9 21020 
700 1 1 |a Dubovský, Ivan,  |d 1932-  |4 440  |9 5688 
773 1 |t Závislosť  |g Roč. 7, č. 22 (1999) s. 14-15 
850 |a Slovenská pedagogická knižnica Bratislava 
852 |a SPKCL  |b KIS3GCP  |b 000710000  |n SK 
999 |c 3256608  |d 3258538